[Event "44th Rilton Cup 2014-15"]
[Site "Stockholm SWE"]
[Date "2014.12.27"]
[Round "1.1"]
[White "Larsson, Anders"]
[Black "Smirin, Ilia"]
[Result "0-1"]
[BlackTitle "GM"]
[WhiteElo "2304"]
[BlackElo "2644"]
[WhiteFideId "1712128"]
[BlackFideId "2801990"]
[EventDate "2014.12.27"]

1. d4 Nf6 2. Nf3 g6 3. Bg5 Bg7 4. Nbd2 O-O 5. e4 d5 6. exd5 Nxd5 7. Nb3 h6 8.
Bd2 Bf5 9. Be2 Nc6 10. O-O e5 11. dxe5 Nxe5 12. Nfd4 Bd7 13. Qc1 Kh7 14. c3 Re8
15. Re1 b6 16. Nf3 c5 17. Nxe5 Rxe5 18. Bf3 Bc6 19. Rxe5 Bxe5 20. Qf1 a5 21. a4
Qc7 22. Qc4 Bxh2+ 23. Kh1 Rd8 24. Qh4 Be5 25. Qxh6+ Kg8 26. Bg5 Re8 27. Nd2 Ne7
28. Bxe7 Rxe7 29. Bxc6 Qxc6 30. Nf3 Bf6 31. Qd2 Kg7 32. Qc2 Re4 33. Qb3 Re2 34.
Kg1 c4 35. Qa3 Be7 36. b4 Qe4 37. Qc1 axb4 38. cxb4 Bf6 39. Rb1 c3 40. a5 c2 0-1

[Event "44th Rilton Cup 2014-15"]
[Site "Stockholm SWE"]
[Date "2014.12.27"]
[Round "1.2"]
[White "Hammer, Jon Ludvig"]
[Black "Olund, Joar"]
[Result "1-0"]
[WhiteTitle "GM"]
[BlackTitle "FM"]
[WhiteElo "2640"]
[BlackElo "2291"]
[WhiteFideId "1503707"]
[BlackFideId "1714848"]
[EventDate "2014.12.27"]

1. d4 Nf6 2. c4 g6 3. g3 Bg7 4. Bg2 O-O 5. Nf3 d6 6. O-O Nc6 7. Nc3 Bf5 8. Be3
Qd7 9. d5 Na5 10. b3 a6 11. Qd2 c5 12. Nh4 b5 13. Nxf5 Qxf5 14. Rac1 bxc4 15.
Na4 Nxb3 16. axb3 cxb3 17. Rc4 Rfb8 18. Bg5 a5 19. e4 Qd7 20. e5 dxe5 21. Rb1
Qf5 22. Rcc1 Rb4 23. d6 Rd8 24. Nxc5 Rxd6 25. Qe3 Ng4 26. Qe2 Qxg5 27. Ne4 Qf5
28. Nxd6 exd6 29. Bh3 Qd7 30. Rc4 Rxc4 31. Qxc4 Qf5 32. Rb2 e4 33. Bxg4 Qxg4 34.
Rxb3 Qd1+ 35. Kg2 d5 36. Rb8+ Bf8 37. Qc3 Qd3 38. Qf6 a4 39. h3 Qa3 40. Ra8 d4
41. Ra7 Qf3+ 42. Qxf3 exf3+ 43. Kxf3 a3 44. Ke4 Bc5 45. Ra8+ Kg7 46. Kd3 g5 47.
Ra5 Bb4 48. Rxg5+ Kf6 49. Rg8 Bc3 50. Ra8 Bb2 51. Ke4 h5 52. f4 Kg7 53. f5 Kf6
54. Kf4 Bc1+ 55. Ke4 Bb2 56. Ra6+ Kg5 57. Ra7 Kf6 58. Ra5 Kg7 59. Ra6 f6 60.
Ra7+ Kf8 61. Kd3 Kg8 62. Kc2 Kf8 63. Kb3 Ke8 64. Ra6 Ke7 65. Re6+ Kd7 66. Rxf6
d3 67. Ra6 d2 68. Kc2 Bc1 69. Kd1 Ke7 70. g4 hxg4 71. hxg4 Kd7 72. g5 Kc7 73. g6
Kb7 74. Rxa3 1-0

[Event "44th Rilton Cup 2014-15"]
[Site "Stockholm SWE"]
[Date "2014.12.27"]
[Round "1.3"]
[White "Gagarin, Vasilij"]
[Black "Romanov, Evgeny"]
[Result "0-1"]
[WhiteTitle "IM"]
[BlackTitle "GM"]
[WhiteElo "2289"]
[BlackElo "2638"]
[WhiteFideId "4103610"]
[BlackFideId "4148843"]
[EventDate "2014.12.27"]

1. d4 Nf6 2. c4 e6 3. Nc3 Bb4 4. e3 O-O 5. Bd3 d5 6. a3 Bxc3+ 7. bxc3 c5 8. cxd5
exd5 9. Ne2 b6 10. O-O Ba6 11. f3 Re8 12. Ng3 Bxd3 13. Qxd3 Nc6 14. Bb2 h5 15.
Rae1 g6 16. e4 h4 17. Nh1 Nh5 18. Qd2 cxd4 19. cxd4 Na5 20. Qh6 Nc4 21. Ba1 Nxa3
22. f4 Nc2 23. f5 Qf6 24. e5 Qg7 25. Qd2 Nxe1 26. f6 Nxf6 27. exf6 Qh8 28. Nf2
Rac8 29. Ng4 Qh5 30. Nh6+ Kh7 31. Nxf7 Re2 32. Qf4 Rxg2+ 33. Kh1 Rcc2 34. Rxe1
Rxh2+ 35. Kg1 Rcg2+ 36. Kf1 h3 37. Ng5+ Qxg5 38. Qc7+ Kh6 39. Qg7+ Kh5 40. Qh7+
Kg4 41. Qd7+ Qf5+ 0-1

[Event "44th Rilton Cup 2014-15"]
[Site "Stockholm SWE"]
[Date "2014.12.27"]
[Round "1.4"]
[White "Goganov, Aleksey"]
[Black "Dragicevic, Drazen"]
[Result "1/2-1/2"]
[WhiteTitle "GM"]
[BlackTitle "FM"]
[WhiteElo "2615"]
[BlackElo "2289"]
[WhiteFideId "24109959"]
[BlackFideId "1707922"]
[EventDate "2014.12.27"]

1. d4 Nf6 2. c4 g6 3. Nf3 Bg7 4. Nc3 d5 5. Qb3 dxc4 6. Qxc4 O-O 7. e4 Na6 8. Be2
c5 9. d5 e6 10. Bg5 h6 11. Bxf6 Bxf6 12. O-O exd5 13. Nxd5 Bxb2 14. Rad1 Bg7 15.
Qa4 Nc7 16. Bc4 Nxd5 17. Bxd5 Qc7 18. Rb1 a6 19. Qb3 Re8 20. Rfc1 Be6 21. Qxb7
Qxb7 22. Rxb7 Bxd5 23. exd5 Rac8 24. d6 Red8 25. Rc7 Bf8 26. Rxc8 Rxc8 27. d7
Rd8 28. Rd1 Bg7 29. Kf1 Bd4 30. Nxd4 Rxd7 31. Ke2 cxd4 32. Kd3 Rb7 33. Kc2 Rc7+
34. Kb3 Rb7+ 35. Kc2 Rc7+ 36. Kb3 Rb7+ 1/2-1/2

[Event "44th Rilton Cup 2014-15"]
[Site "Stockholm SWE"]
[Date "2014.12.27"]
[Round "1.5"]
[White "Nielsen, Rogvi Egilstoft"]
[Black "Krasenkow, Michal"]
[Result "0-1"]
[BlackTitle "GM"]
[WhiteElo "2284"]
[BlackElo "2614"]
[WhiteFideId "7200447"]
[BlackFideId "1113100"]
[EventDate "2014.12.27"]

1. e4 g6 2. d4 Bg7 3. Be3 c5 4. c3 cxd4 5. cxd4 d5 6. exd5 Nf6 7. Nc3 Nxd5 8.
Nf3 O-O 9. Qd2 Nxe3 10. fxe3 e5 11. d5 e4 12. Nd4 Nd7 13. Bc4 Ne5 14. Be2 f5 15.
O-O a6 16. Rfd1 Qd6 17. a4 Bd7 18. Ra3 Bf6 19. Rb3 Rab8 20. a5 Bd8 21. Ne6 Bxe6
22. dxe6 Qxe6 23. Nd5 Nd3 24. Rxd3 exd3 25. Nf4 Qe5 26. Nxd3 Qxa5 27. b4 Qb6 28.
Nc5 Bg5 29. h4 Bh6 30. Qd4 Bg7 31. Qc4+ Kh8 32. Rd7 Qf6 33. h5 gxh5 34. Qf4 b6
35. Nb3 Rbd8 36. Rxd8 Rxd8 37. Nd4 Bh6 0-1

[Event "44th Rilton Cup 2014-15"]
[Site "Stockholm SWE"]
[Date "2014.12.27"]
[Round "1.6"]
[White "Roiz, Michael"]
[Black "Wikner, Arvid"]
[Result "1-0"]
[WhiteTitle "GM"]
[WhiteElo "2592"]
[BlackElo "2281"]
[WhiteFideId "2804158"]
[BlackFideId "1702262"]
[EventDate "2014.12.27"]

1. Nf3 Nf6 2. c4 g6 3. g3 Bg7 4. Bg2 O-O 5. O-O d6 6. Nc3 c6 7. d4 Na6 8. h3 Rb8
9. e4 Qa5 10. Be3 Nd7 11. a3 Qd8 12. Rc1 Nc7 13. Qd2 Re8 14. Rfd1 Nf8 15. b4 Bd7
16. d5 b6 17. Bd4 f6 18. dxc6 Bxc6 19. Be3 Qc8 20. Nd5 Ba4 21. Re1 Bd7 22. c5
dxc5 23. bxc5 b5 24. c6 Be6 25. Bxa7 1-0

[Event "44th Rilton Cup 2014-15"]
[Site "Stockholm SWE"]
[Date "2014.12.27"]
[Round "1.7"]
[White "Pettersson, Anders1"]
[Black "Shimanov, Aleksandr"]
[Result "0-1"]
[WhiteTitle "FM"]
[BlackTitle "GM"]
[WhiteElo "2280"]
[BlackElo "2591"]
[WhiteFideId "1709771"]
[BlackFideId "4198603"]
[EventDate "2014.12.27"]

1. d4 Nf6 2. c4 e6 3. Nf3 Bb4+ 4. Bd2 Qe7 5. g3 Bxd2+ 6. Qxd2 Nc6 7. Nc3 d5 8.
Bg2 O-O 9. O-O dxc4 10. e4 Rd8 11. h3 e5 12. d5 Nb4 13. a3 Nd3 14. Qc2 b6 15. b4
Bd7 16. Nd2 b5 17. Nxb5 Bxb5 18. Nxc4 Nd7 19. Qxd3 Nb6 20. Rfc1 c6 21. Qb3 Bxc4
22. Rxc4 Nxc4 23. Qxc4 cxd5 24. exd5 Rac8 25. Qd3 Rc7 26. h4 Qd6 27. Re1 Rdc8
28. Qe3 Re8 29. Qd3 g6 30. h5 f5 31. hxg6 hxg6 32. Bf1 e4 33. Qd2 Re5 34. Rd1 e3
35. fxe3 Rce7 36. Re1 Re4 37. Bg2 Qxg3 38. d6 Rxe3 39. Rf1 Rd7 40. Qd5+ Kg7 41.
Qd4+ Qe5 0-1

[Event "44th Rilton Cup 2014-15"]
[Site "Stockholm SWE"]
[Date "2014.12.27"]
[Round "1.8"]
[White "Turov, Maxim"]
[Black "Kvisvik, Brede"]
[Result "1-0"]
[WhiteTitle "GM"]
[BlackTitle "FM"]
[WhiteElo "2591"]
[BlackElo "2275"]
[WhiteFideId "4120086"]
[BlackFideId "1502999"]
[EventDate "2014.12.27"]

1. d4 d5 2. c4 dxc4 3. e4 Nf6 4. e5 Nd5 5. Bxc4 Nc6 6. Nc3 Be6 7. Bb3 Nxc3 8.
bxc3 Bd5 9. e6 fxe6 10. Nf3 Qd6 11. O-O O-O-O 12. Re1 h6 13. Nd2 e5 14. c4 Bg8
15. d5 Nd4 16. Nf3 Nxf3+ 17. Qxf3 e6 18. c5 Qa6 19. d6 cxd6 20. cxd6 Bxd6 21.
Re4 Kb8 22. Ra4 Qb6 23. Rb1 e4 24. Qh5 Qc5 25. Qe2 Qc7 26. Be3 b6 27. Bc2 Bh7
28. Bxb6 1-0

[Event "44th Rilton Cup 2014-15"]
[Site "Stockholm SWE"]
[Date "2014.12.27"]
[Round "1.9"]
[White "Lissang, Christopher"]
[Black "Grandelius, Nils"]
[Result "0-1"]
[BlackTitle "GM"]
[WhiteElo "2273"]
[BlackElo "2581"]
[WhiteFideId "1709615"]
[BlackFideId "1710400"]
[EventDate "2014.12.27"]

1. d4 Nf6 2. c4 e6 3. g3 d5 4. Bg2 dxc4 5. Nf3 Bb4+ 6. Nbd2 b5 7. O-O O-O 8. a4
c6 9. Qc2 Bb7 10. b3 c3 11. Nb1 bxa4 12. Rxa4 c5 13. Nxc3 a5 14. dxc5 Nbd7 15.
Ba3 Bxc5 16. Bxc5 Nxc5 17. Rc4 Qb6 18. Na4 Nxa4 19. bxa4 Bd5 20. Rc7 Bb3 21. Qc5
Qxc5 22. Rxc5 Rfc8 23. Rxc8+ Rxc8 24. Ne5 Nd5 25. Rb1 Bxa4 26. Bxd5 exd5 27. Ra1
Bb5 28. Rxa5 Bxe2 29. Rxd5 f6 30. Nd3 Rc3 31. Nf4 Bf3 32. Rd8+ Kf7 33. Nd3 Be2
34. Nf4 Rc1+ 35. Kg2 Bf1+ 36. Kf3 g5 37. Nd3 Rc3 38. Ke3 Ke6 39. Kd2 Ra3 40.
Nc5+ Kf5 41. Rd5+ Kg4 42. h4 Bg2 43. Rd6 Rf3 44. Ke2 h5 45. Nd3 Rf5 46. hxg5
fxg5 47. Rg6 Kh3 48. Rh6 Bf3+ 49. Ke3 Bg4 50. Rh8 Rf3+ 51. Ke4 Rf7 52. Rg8 Bf5+
53. Ke3 Bxd3 54. Kxd3 g4 55. Rg5 Rxf2 56. Rxh5+ Kxg3 57. Rg5 Kh3 58. Ke3 g3 59.
Rg7 Rf8 60. Rh7+ Kg2 61. Ra7 Kh2 62. Rh7+ Kg1 63. Ke2 g2 64. Rg7 Re8+ 65. Kf3
Kf1 0-1

[Event "44th Rilton Cup 2014-15"]
[Site "Stockholm SWE"]
[Date "2014.12.27"]
[Round "1.10"]
[White "Mikhalevski, Victor"]
[Black "Henriksson, Johan"]
[Result "1/2-1/2"]
[WhiteTitle "GM"]
[BlackTitle "FM"]
[WhiteElo "2571"]
[BlackElo "2267"]
[WhiteFideId "2801914"]
[BlackFideId "1703560"]
[EventDate "2014.12.27"]

1. Nf3 d5 2. g3 Nf6 3. Bg2 g6 4. d4 Bg7 5. c4 c6 6. cxd5 cxd5 7. Nc3 O-O 8. Ne5
b6 9. h4 Bb7 10. h5 Nxh5 11. Qd3 Nc6 12. Bf4 Nb4 13. Qd2 Nxf4 14. gxf4 e6 15.
O-O-O Rc8 16. Kb1 Nc6 17. Rh3 Ne7 18. Rdh1 h6 19. e3 Nf5 20. Bf1 a6 21. Bd3 b5
22. f3 Qe7 23. Bxf5 exf5 24. Qh2 h5 25. Ne2 Rc6 26. Ng3 Rfc8 27. Nxh5 Rc2 28.
Nf6+ Qxf6 29. Nd7 Rxh2 30. Nxf6+ Bxf6 31. R3xh2 Re8 32. Rc2 Bd8 33. Rch2 Kg7 34.
Rh7+ Kf6 35. Rh8 Bc6 36. Kc2 Ba5 37. Rxe8 Bxe8 38. Kd3 b4 39. b3 Bb6 40. Rh8 Ke7
41. Rh7 Bb5+ 42. Kd2 Bc7 43. Rh6 Bd8 44. Rh7 Be8 45. Kd1 Kd7 46. Rg7 Ke7 47. Rh7
Kd7 48. Rg7 Ke7 1/2-1/2

[Event "44th Rilton Cup 2014-15"]
[Site "Stockholm SWE"]
[Date "2014.12.27"]
[Round "1.11"]
[White "Bergstrom, Rolf"]
[Black "Ivanov, Sergey"]
[Result "0-1"]
[WhiteTitle "FM"]
[BlackTitle "GM"]
[WhiteElo "2262"]
[BlackElo "2559"]
[WhiteFideId "1702386"]
[BlackFideId "4101375"]
[EventDate "2014.12.27"]

1. b3 d5 2. Bb2 Nf6 3. e3 e6 4. Nf3 c5 5. Bb5+ Nbd7 6. O-O Be7 7. c4 O-O 8. cxd5
Nxd5 9. Nc3 a6 10. Nxd5 exd5 11. Be2 b5 12. Qc2 Rb8 13. Rac1 Re8 14. Rfe1 Bf8
15. Bd3 h6 16. Bh7+ Kh8 17. Bf5 Nf6 18. Bxc8 Rxc8 19. Qf5 Qd7 20. Qxd7 Nxd7 21.
d3 Kg8 22. Kf1 f6 23. Re2 Kf7 24. Rec2 g5 25. g4 Ne5 26. Nxe5+ fxe5 27. e4 dxe4
28. dxe4 Rc6 29. Ke2 Ke6 30. Rd1 Bd6 31. Rd3 Rec8 32. Rh3 Bf8 33. Ba3 a5 34. Ke1
b4 35. Bb2 c4 36. bxc4 Rxc4 37. Re2 a4 38. a3 Rc2 39. Rhe3 Rxe2+ 40. Rxe2 bxa3 0-1

[Event "44th Rilton Cup 2014-15"]
[Site "Stockholm SWE"]
[Date "2014.12.27"]
[Round "1.12"]
[White "Tikkanen, Hans"]
[Black "Engstrom, Kaj"]
[Result "0-1"]
[WhiteTitle "GM"]
[WhiteElo "2551"]
[BlackElo "2261"]
[WhiteFideId "1706446"]
[BlackFideId "1701134"]
[EventDate "2014.12.27"]

1. d4 d5 2. c4 c6 3. Nf3 Nf6 4. Nc3 e6 5. e3 Be7 6. b3 O-O 7. Bb2 Ne4 8. Nxe4
dxe4 9. Nd2 f5 10. c5 Nd7 11. b4 Nf6 12. Nc4 Nd5 13. a3 Bd7 14. Be2 Rf6 15. Qb3
Rh6 16. h3 Be8 17. Rg1 b6 18. Rc1 b5 19. Ne5 a5 20. bxa5 Qxa5+ 21. Kf1 Bf6 22.
f4 g5 23. Rc2 Qa4 24. Qxa4 Rxa4 25. Bc1 gxf4 26. exf4 Rxd4 27. Kf2 Bxe5 28. fxe5
f4 29. Rd1 Rxd1 30. Bxd1 Bh5 31. Be2 e3+ 32. Kf1 Bxe2+ 33. Kxe2 Rg6 34. Kd3 Rg3
35. Re2 Kf7 36. Bb2 f3 0-1

[Event "44th Rilton Cup 2014-15"]
[Site "Stockholm SWE"]
[Date "2014.12.27"]
[Round "1.13"]
[White "Tomov, Georgi"]
[Black "Hillarp Persson, Tiger"]
[Result "0-1"]
[WhiteTitle "FM"]
[BlackTitle "GM"]
[WhiteElo "2257"]
[BlackElo "2544"]
[WhiteFideId "2908964"]
[BlackFideId "1700812"]
[EventDate "2014.12.27"]

1. d4 Nf6 2. c4 g6 3. Nc3 Bg7 4. e4 d6 5. Bd3 O-O 6. Nge2 c5 7. d5 e6 8. O-O
exd5 9. exd5 Ng4 10. f4 Re8 11. Rf3 f5 12. Bd2 Na6 13. a3 Bd7 14. h3 Nf6 15. Qc2
Nc7 16. Re3 b5 17. cxb5 Rxe3 18. Bxe3 Qe8 19. Bf2 Nxb5 20. Re1 Qb8 21. Bc4 a6
22. a4 Nxc3 23. Nxc3 Qb4 24. b3 Re8 25. Kf1 Kf8 26. Qd3 Rxe1+ 27. Bxe1 Qb7 28.
a5 Ne8 29. Bxa6 Qxb3 30. Bb5 Bc8 31. Ba4 Qb7 32. Bc6 Qb3 33. Qe2 Nc7 34. Qf3 Bd4
35. Ne2 Qc4 36. Bf2 Ba6 37. Bxd4 Qxd4 38. Qb3 Qxf4+ 39. Ke1 Qe5 40. Qb8+ Kg7 41.
Qxc7+ Kh6 42. Kf2 Qxe2+ 43. Kg1 Qe1+ 44. Kh2 Qe5+ 45. Kg1 c4 46. Qb6 c3 47. Ba4
Bc4 48. a6 Bxd5 49. Qf2 f4 50. a7 Ba8 51. Bd1 Kg7 52. Bf3 Qe3 53. Kf1 Qxf2+ 0-1

[Event "44th Rilton Cup 2014-15"]
[Site "Stockholm SWE"]
[Date "2014.12.27"]
[Round "1.14"]
[White "Blomqvist, Erik"]
[Black "Sarandos, Vasilios"]
[Result "0-1"]
[WhiteTitle "GM"]
[WhiteElo "2525"]
[BlackElo "2245"]
[WhiteFideId "1709437"]
[BlackFideId "4203542"]
[EventDate "2014.12.27"]

1. e4 e6 2. d4 d5 3. Nc3 Bb4 4. e5 c5 5. a3 Bxc3+ 6. bxc3 Qc7 7. Nf3 b6 8. h4
Ba6 9. Bxa6 Nxa6 10. Qd3 Nb8 11. dxc5 Nd7 12. cxb6 axb6 13. Be3 Ne7 14. O-O Nf5
15. Rfe1 Ra4 16. Nd4 Nxe3 17. Nb5 Qc5 18. Nd6+ Ke7 19. Rxe3 Rxh4 20. Rae1 Rh5
21. Qe2 Rg5 22. Qf3 Rf8 23. Qf4 Rh5 24. g4 g5 25. Nf5+ Kd8 26. Qf3 Rh4 27. Nxh4
gxh4 28. g5 Rg8 29. Qh5 Qc4 30. Rf3 h6 31. g6 Rxg6+ 32. Kh2 Rg5 33. Qxf7 Qg4 0-1

[Event "44th Rilton Cup 2014-15"]
[Site "Stockholm SWE"]
[Date "2014.12.27"]
[Round "1.15"]
[White "Rydstrom, Tom"]
[Black "Cramling, Pia"]
[Result "1-0"]
[BlackTitle "GM"]
[WhiteElo "2243"]
[BlackElo "2518"]
[WhiteFideId "1714830"]
[BlackFideId "1700030"]
[EventDate "2014.12.27"]

1. e4 c5 2. Nf3 e6 3. Nc3 a6 4. d4 cxd4 5. Nxd4 Qc7 6. Be2 Nf6 7. O-O Bb4 8. Qd3
O-O 9. Bg5 Be7 10. f4 d6 11. Kh1 h6 12. Bh4 Nbd7 13. Bg3 Nc5 14. Qe3 Bd7 15. Bf3
Nh7 16. Rad1 Na4 17. Nxa4 Bxa4 18. b3 Bd7 19. c4 Rfd8 20. Rc1 Re8 21. Rfd1 Rad8
22. Qf2 Bc8 23. Ne2 Qa5 24. Rc2 Bd7 25. Qe1 Qc7 26. Qf2 Rc8 27. Nd4 Red8 28.
Rcd2 Be8 29. Rc2 Qb8 30. Rdc1 Bf6 31. Qe3 Nf8 32. Bf2 Ng6 33. g3 e5 34. Ne2 Bc6
35. Nc3 exf4 36. gxf4 Bxc3 37. Rxc3 Re8 38. Re1 f5 39. Rg1 Rxe4 40. Bxe4 Bxe4+
41. Qxe4 fxe4 42. Rxg6 Rc7 43. Bd4 Qf8 44. Rcg3 Qxf4 45. Bxg7 Qf1+ 46. Rg1 Qf3+
47. R1g2 Qf1+ 48. Rg1 Qf3+ 49. R1g2 Rf7 50. Bxh6+ Kh7 51. Bg7 Qf1+ 52. Rg1 Qf3+
53. R1g2 Rf5 54. Rg3 Qh5 55. Bd4 Rf1+ 56. Bg1 Qh6 57. Re2 Rf3 58. Rg4 Rf7 59.
Rg3 Qe6 60. Bd4 Rf1+ 61. Kg2 Rf3 62. Rxf3 Qg4+ 63. Rg3 Qxe2+ 64. Kh3 Qxa2 65.
Kg4 Qd2 66. Bc3 Qc2 67. Kg5 Qxb3 68. Kf6 Qxc4 69. Rg7+ Kh6 1-0

[Event "44th Rilton Cup 2014-15"]
[Site "Stockholm SWE"]
[Date "2014.12.27"]
[Round "1.16"]
[White "Urkedal, Frode"]
[Black "Thingstad, Even"]
[Result "1-0"]
[WhiteTitle "IM"]
[WhiteElo "2517"]
[BlackElo "2243"]
[WhiteFideId "1506102"]
[BlackFideId "1506439"]
[EventDate "2014.12.27"]

1. d4 d5 2. c4 c6 3. Nf3 Nf6 4. Nc3 e6 5. Bg5 h6 6. Bxf6 Qxf6 7. e3 g6 8. Bd3
Bg7 9. O-O O-O 10. Qc2 Nd7 11. Rad1 dxc4 12. Bxc4 e5 13. dxe5 Nxe5 14. Nxe5 Qxe5
15. Qxg6 Bf5 16. Qh5 b5 17. Bxb5 Rab8 18. Bxc6 Rxb2 19. Nd5 Kh8 20. Nf4 Bc2 21.
Rd7 Qxh5 22. Nxh5 Rxa2 23. Bd5 Ra5 24. Nxg7 Kxg7 25. e4 a6 26. Rc1 Rb5 27. Bc4
Rb2 28. Rd2 Rfb8 29. Rdxc2 Rxc2 30. Rxc2 Rb1+ 31. Bf1 1-0

[Event "44th Rilton Cup 2014-15"]
[Site "Stockholm SWE"]
[Date "2014.12.27"]
[Round "1.17"]
[White "Johansson, Gunnar"]
[Black "Tari, Aryan"]
[Result "0-1"]
[BlackTitle "IM"]
[WhiteElo "2231"]
[BlackElo "2485"]
[WhiteFideId "1703501"]
[BlackFideId "1510045"]
[EventDate "2014.12.27"]

1. d4 Nf6 2. c4 e6 3. Nc3 Bb4 4. Qc2 d6 5. Bd2 c5 6. a3 Ba5 7. e3 O-O 8. Bd3
cxd4 9. exd4 e5 10. Nge2 Bg4 11. O-O Nbd7 12. Be3 Re8 13. h3 Bh5 14. Ng3 Bg6 15.
Bxg6 hxg6 16. Rad1 Bxc3 17. Qxc3 Qc7 18. Qd3 d5 19. cxd5 e4 20. Qb3 Nb6 21. Rfe1
Nfxd5 22. Rc1 Qd7 23. Bd2 f5 24. Ba5 Kh7 25. Ne2 f4 26. Bxb6 axb6 27. Nc3 Nxc3
28. bxc3 Qd6 29. Qb4 Qf6 30. Rb1 f3 31. g3 e3 32. Rxe3 Rxe3 33. fxe3 f2+ 34. Kg2
Rf8 35. Rf1 Qf3+ 36. Kh2 Re8 37. Qb2 Rxe3 38. Qxf2 Re2 0-1

[Event "44th Rilton Cup 2014-15"]
[Site "Stockholm SWE"]
[Date "2014.12.27"]
[Round "1.18"]
[White "Smith, Axel"]
[Black "Nielsen, Hogni Egilstoft"]
[Result "0-1"]
[WhiteTitle "IM"]
[WhiteElo "2479"]
[BlackElo "2226"]
[WhiteFideId "1707930"]
[BlackFideId "7200404"]
[EventDate "2014.12.27"]

1. d4 Nf6 2. c4 g6 3. Nc3 Bg7 4. e4 d6 5. Bd3 O-O 6. Nge2 e5 7. d5 Nbd7 8. O-O
Nc5 9. Bc2 a5 10. f3 Ne8 11. Be3 f5 12. exf5 gxf5 13. Qd2 Qe7 14. Rae1 b6 15. f4
e4 16. Bd4 Nf6 17. Nd1 Qf7 18. Ne3 Bd7 19. Bc3 Rae8 20. Nd4 Qg6 21. g3 Rf7 22.
Re2 h5 23. Rg2 Ng4 24. Re1 Bf6 25. h3 Nxe3 26. Rxe3 Rg7 27. b3 Kf7 28. a3 Reg8
29. b4 axb4 30. axb4 Nb7 31. g4 hxg4 32. hxg4 Qh6 33. Bd1 Qxf4 34. Ne6 Bxe6 35.
dxe6+ Ke7 36. Bxf6+ Kxf6 37. Qe1 Nd8 38. Qh4+ Kxe6 39. Reg3 Kd7 40. c5 Qc1 41.
Kh2 Qxd1 42. Qh5 Rg5 43. Qh7+ R8g7 44. Qh8 f4 45. Ra3 f3 46. Ra8 fxg2 47. Rxd8+
Kc6 48. Rxd6+ cxd6 49. Qa8+ Kb5 50. Qe8+ Kxb4 51. Qxe4+ Kxc5 52. Qe3+ Qd4 53.
Qa3+ Kc6 54. Qa8+ Kb5 55. Qe8+ Ka5 56. Qe1+ Qb4 57. Qa1+ Kb5 58. Qf1+ gxf1=Q 0-1

[Event "44th Rilton Cup 2014-15"]
[Site "Stockholm SWE"]
[Date "2014.12.27"]
[Round "1.19"]
[White "Merkesvik, Sondre"]
[Black "Semcesen, Daniel"]
[Result "0-1"]
[BlackTitle "GM"]
[WhiteElo "2218"]
[BlackElo "2471"]
[WhiteFideId "1514350"]
[BlackFideId "1706993"]
[EventDate "2014.12.27"]

1. Nf3 d5 2. d4 Bf5 3. c4 e6 4. Nc3 Nc6 5. Bf4 Nf6 6. e3 Bb4 7. Bd3 Ne4 8. Qc2
O-O 9. O-O Bxc3 10. bxc3 Na5 11. cxd5 exd5 12. Ne5 f6 13. Nf3 g5 14. Bg3 Qd7 15.
Nd2 Rae8 16. c4 Qc6 17. Rfc1 Nxd2 18. Bxf5 Naxc4 19. Bxh7+ Kh8 20. Bd3 Re7 21.
Rd1 Ne4 22. Rac1 b5 23. Qb3 Qd7 24. Qb4 a5 25. Qb3 Rfe8 26. a4 c6 27. Qa2 Qa7
28. Bxe4 Rxe4 29. axb5 cxb5 30. Rb1 Qd7 31. Rdc1 Rc8 32. Qe2 Kg7 33. Qd3 Ree8
34. h4 gxh4 35. Bxh4 b4 36. Bg3 Qg4 37. Ra1 Qg6 38. Qb3 Qf7 39. Qd1 Qd7 40. Bf4
Ra8 41. Qb3 Rac8 42. Qd1 Qf5 43. Qa4 Re7 44. Qd1 Rh8 45. Qf3 b3 46. Rd1 b2 47.
Rab1 a4 48. Qg3+ Qg6 0-1

[Event "44th Rilton Cup 2014-15"]
[Site "Stockholm SWE"]
[Date "2014.12.27"]
[Round "1.20"]
[White "Bekker-Jensen, Simon"]
[Black "Hammar, Bengt"]
[Result "1/2-1/2"]
[WhiteTitle "IM"]
[BlackTitle "FM"]
[WhiteElo "2459"]
[BlackElo "2211"]
[WhiteFideId "1403613"]
[BlackFideId "1700391"]
[EventDate "2014.12.27"]

1. d4 Nf6 2. c4 g6 3. Nc3 d5 4. cxd5 Nxd5 5. Bd2 Bg7 6. e4 Nxc3 7. Bxc3 c5 8. d5
Bxc3+ 9. bxc3 e6 10. d6 Qf6 11. Qd2 O-O 12. Nf3 e5 13. Qd5 Rd8 14. Rd1 Bg4 15.
Be2 Nd7 16. O-O b6 17. Rd2 Be6 18. Qd3 c4 19. Qe3 Kg7 20. Ne1 Rac8 21. Nc2 h6
22. Rfd1 Qg5 23. Qxg5 hxg5 24. Ne3 Nf6 25. f3 1/2-1/2

[Event "44th Rilton Cup 2014-15"]
[Site "Stockholm SWE"]
[Date "2014.12.27"]
[Round "1.21"]
[White "Eriksson, Jorgen"]
[Black "Akesson, Ralf"]
[Result "1/2-1/2"]
[BlackTitle "GM"]
[WhiteElo "2211"]
[BlackElo "2457"]
[WhiteFideId "1701967"]
[BlackFideId "1700120"]
[EventDate "2014.12.27"]

1. d4 d5 2. Nf3 Nf6 3. c4 e6 4. g3 dxc4 5. Qa4+ Nbd7 6. Bg2 a6 7. Qxc4 b5 8. Qd3
Bb7 9. O-O c5 10. dxc5 Bxc5 11. Nc3 O-O 12. a3 Rc8 13. b4 Be7 14. Be3 Bxf3 15.
Bxf3 Ne5 16. Qxd8 Rfxd8 17. Rac1 Nc4 18. Ne4 Nd7 19. Rfd1 f5 20. Nc5 Nxe3 21.
fxe3 Nxc5 22. Rxd8+ Rxd8 23. bxc5 Rb8 24. c6 Rc8 25. c7 Bd6 26. Bb7 Rxc7 27.
Rxc7 Bxc7 28. Bxa6 Bd6 29. Bxb5 Bxa3 30. Kg2 Kf7 1/2-1/2

[Event "44th Rilton Cup 2014-15"]
[Site "Stockholm SWE"]
[Date "2014.12.27"]
[Round "1.22"]
[White "Hagen, Andreas Skytte"]
[Black "Adler, Bo"]
[Result "1/2-1/2"]
[WhiteTitle "IM"]
[WhiteElo "2430"]
[BlackElo "2210"]
[WhiteFideId "1407341"]
[BlackFideId "1702149"]
[EventDate "2014.12.27"]

1. e4 e5 2. Nf3 Nc6 3. Bb5 a6 4. Ba4 d6 5. c3 Bd7 6. d4 Nge7 7. Be3 Ng6 8. h4
Be7 9. h5 Nh4 10. Nxh4 Bxh4 11. d5 Nb8 12. Bxd7+ Nxd7 13. Qg4 Bf6 14. Nd2 h6 15.
Nf3 Nf8 16. Nh4 Nh7 17. Nf5 Qd7 18. c4 Ng5 19. Bxg5 hxg5 20. Ne3 Rh7 21. Rh3
O-O-O 22. Ke2 Rdh8 23. Rah1 Bd8 24. Kf3 Rh6 25. Qxd7+ Kxd7 26. Nf5 Rf6 27. Kg3
Rh7 28. f3 c6 29. dxc6+ bxc6 30. Rd1 g6 31. hxg6 Rxh3+ 32. Kxh3 fxg6 33. Nh6 Ke6
34. Rd3 Rf8 35. Ng4 Ba5 36. g3 Rh8+ 37. Kg2 Rb8 38. b3 Bb6 39. Ne3 a5 40. Nc2
Rh8 41. Rd1 Bc5 42. Ne1 Bd4 43. Nd3 d5 44. Rc1 Kd6 45. cxd5 cxd5 46. exd5 g4 47.
f4 e4 48. Nf2 Bxf2 49. Kxf2 Kxd5 50. Ke3 Rh2 51. Rd1+ Kc5 52. a3 Rb2 53. Rc1+
Kd5 54. Rd1+ Kc5 55. Rc1+ Kd5 56. Rd1+ 1/2-1/2